| 000 | 00570nam a22001577a 4500 | ||
|---|---|---|---|
| 005 | 20251108164335.0 | ||
| 008 | 250721s1998 xx 000 0 ara d | ||
| 082 | 1 | 4 | _a500/موس |
| 245 | 1 | 0 |
_aالموسوعة العلمية : _bالأرض - الإنسان - الحيوانات - الحيوانات و صغارها - النباتات - الأصوات - الماء - الحياة في البحار / |
| 264 | 1 |
_aعمان : _bدار أسامة، _c1998. |
|
| 300 | _aج | ||
| 650 | 1 | 7 | _aالعلوم |
| 650 | 1 | 7 | _aالحيوانات |
| 942 |
_2ddc _cREF |
||
| 999 |
_c9744 _d9744 |
||